Central Library OPAC University of Rajshahi
Normal view MARC view

Entry Personal Name

Number of records used in: 1

001 - CONTROL NUMBER

  • control field: 679

003 - CONTROL NUMBER IDENTIFIER

  • control field: BD-RjUL

005 - DATE AND TIME OF LATEST TRANSACTION

  • control field: 20220112120751.0

008 - FIXED-LENGTH DATA ELEMENTS

  • fixed length control field: 220112|| aca||aabn | a|a d

040 ## - CATALOGING SOURCE

  • Original cataloging agency: BD-RjUL
  • Transcribing agency: BD-RjUL

100 ## - HEADING--PERSONAL NAME

  • Personal name: alfadilii, muhamad

670 ## - SOURCE DATA FOUND

  • Source citation: Work cat.: (BD-RjUL)78227: زوزني، عبدالله حسن بن أحمد ;; Zozni, Abdullah Hassan bin Ahmed, 247088, شرح المعلقات السبع‏ ;; Sharḥ al-Muʻallaqāt al-sabʻ /, ٢٠٠٢ [١٤٢٣]